| 000 | 00644nam a22001817a 4500 | ||
|---|---|---|---|
| 008 | 160329b xxu||||| |||| 00| 0 eng d | ||
| 020 | _a9789718171745 | ||
| 082 |
_22011 _aDFil 510.761 _bR66 |
||
| 100 |
_94392 _aRomeral, Cipriano B.,Jr. |
||
| 245 |
_aTechniques in solving algebraic word problems: _bnumber problems/ _cCipriano B. Romeral, Jr. |
||
| 260 |
_aManila: _bBooklore Publishing Corp., _cc2011. |
||
| 300 |
_a73 pages: _c20.5 cm. |
||
| 650 | 0 |
_94393 _aProblem solving _xPopular works |
|
| 650 | 0 |
_94394 _aWord problems (mathematics) _xPopular works |
|
| 700 |
_94395 _aLabao, Charito, Editor |
||
| 365 |
_b305.25 _cPhp. |
||
| 942 |
_2ddc _cDFIL |
||
| 999 |
_c1449 _d1449 |
||